00712nam a22002057a 4500999001900000005001700019010001500036020002600051035001500077037001300092082001000105100001600115245005500131250000700186260004900193270007700242300002300319942002400342952014000366 c186609d18660920220310112056.0 aENG-131927 a9789390555420c849.00 aEN-1154559 bDBAD/PUB a541.3 aVerma, K.S. aPhysical Chemistry for JEE (Advanced)/cK.S. Verma a3e aDelhibCengage Learning India Pvt. Ltdc2021 aT-303, 3rd Floor, DAV Complex, Plot 3 Mayur Vihar Phase 1bDelhie110091 axi, vp.c28cm(pbk) 2ddccENh541.3mVER 00103Part-240708NFICaBNbBNd2022-03-10eDBAD/PUBg849.00l1o541.3 VERpEN-115459r2023-08-01 00:00:00s2023-07-28t1v849.00yEN